La renda bàsica / Daniel Raventós Pañella
Descripción Física:
37 p. ; 31 cm
MARC
| LEADER | 00000nam a2200000Ia 4500 | ||
|---|---|---|---|
| 001 | 16829 | ||
| 008 | 160829s9999 xx 000 0 cat d | ||
| 080 | |a FU-46-5 | ||
| 100 | |a Raventós Pañella, Daniel |9 978 | ||
| 245 | |a La renda bàsica / Daniel Raventós Pañella | ||
| 250 | |a Ed. no venal | ||
| 260 | |a Barcelona : |b Diputació de Barcelona, cop. 2001 | ||
| 300 | |a 37 p. ; |c 31 cm | ||
| 490 | |a Síntesi (Centre per a la Innovació Local) ; 1 | ||
| 590 | |a Bibliografia. | ||
| 590 | |a Al vers de portada: Ed. realitzada pel Centre per a la Innovació Local (Flor de Maig) en col·laboració amb l'Àrea de Benestar Social | ||
| 650 | |a Assistència econòmica interior |9 23503 | ||
| 650 | |a Estat del benestar |9 23504 | ||
| 710 | 2 | |a Centre per a la Innovació Local |9 54171 | |
| 901 | |a Arxiu | ||
| 942 | |n 1 | ||
| 952 | |0 0 |1 0 |4 0 |6 FU465 |7 1 |9 42733 |a Arxiu |b Arxiu |d 2016-12-01 |l 0 |o FU-46-5 |p 16829 |r 2016-12-01 00:00:00 |w 2016-12-01 |y ARXIU | ||
| 999 | |c 45239 |d 45239 | ||